Essentials of investments (Record no. 7558)

MARC details
000 -LEADER
fixed length control field 00640nam a22002057a 4500
003 - CONTROL NUMBER IDENTIFIER
control field OSt
005 - DATE AND TIME OF LATEST TRANSACTION
control field 20211201123624.0
008 - FIXED-LENGTH DATA ELEMENTS--GENERAL INFORMATION
fixed length control field 211201b ||||| |||| 00| 0 eng d
020 ## - INTERNATIONAL STANDARD BOOK NUMBER
International Standard Book Number 9780077148249, 007714824x
040 ## - CATALOGING SOURCE
Transcribing agency DDC
082 ## - DEWEY DECIMAL CLASSIFICATION NUMBER
Classification number 332.6 BOD 2013
100 ## - MAIN ENTRY--PERSONAL NAME
Personal name Bodie, Zvi ; Alex, Kane; Alan J. Marcus
9 (RLIN) 15468
245 ## - TITLE STATEMENT
Title Essentials of investments
250 ## - EDITION STATEMENT
Edition statement 9th ed.
260 ## - PUBLICATION, DISTRIBUTION, ETC. (IMPRINT)
Place of publication, distribution, etc. New York:
Name of publisher, distributor, etc. McGraw-Hill/Irwin;
Date of publication, distribution, etc. ©2013
300 ## - PHYSICAL DESCRIPTION
Extent xxviii, 741, i-22 pages :
Other physical details illustrations (come color) ;
Dimensions 29 cm
504 ## - BIBLIOGRAPHY, ETC. NOTE
Bibliography, etc Includes bibliographical references and index.
650 ## - SUBJECT ADDED ENTRY--TOPICAL TERM
Topical term or geographic name as entry element Investments.
9 (RLIN) 7657
942 ## - ADDED ENTRY ELEMENTS (KOHA)
Source of classification or shelving scheme Dewey Decimal Classification
Koha item type Book
Holdings
Withdrawn status Lost status Source of classification or shelving scheme Damaged status Not for loan Home library Current library Date acquired Source of acquisition Inventory number Total Checkouts Full call number Barcode Date last seen Price effective from Koha item type
    Dewey Decimal Classification     Faculty of Management Science Library Faculty of Management Science Library 01/12/2021 Purchase 17/40196   332.6 BOD 2013 2021-1985 01/12/2021 01/12/2021 Book
    Dewey Decimal Classification     Faculty of Management Science Library Faculty of Management Science Library 01/12/2021 Purchase 17/40197   332.6 BOD 2013 2021-1986 01/12/2021 01/12/2021 Book